Administración estratégica: textos y casos

Uloženo v:
Podrobná bibliografie
Hlavní autoři: Thompson, Arthur A (Autor), Strickland, A. J (Autor)
Médium: Kniha
Jazyk:španělština
Vydáno: Ciudad de México McGraw Hill 2004
Vydání:3a. ed
Témata:
Tagy: Přidat tag
Žádné tagy, Buďte první, kdo vytvoří štítek k tomuto záznamu!

MARC

LEADER 00000nam a2200000 a 4500
001 UCK0289
003 CL-VaPUC
008 040924e20040000MX |||||||||||||||||spa|d
020 |a 9701040554 
082 0 4 |a 658.4012  |b THO  |2 21 
100 0 |a Thompson, Arthur A  |e author  |9 488207 
700 0 |a Strickland, A. J  |e author  |9 488208 
245 1 0 |a Administración estratégica: textos y casos 
250 |a 3a. ed 
300 |a 447 p 
942 |c BK 
945 |d 20040924 00:00:00  |a cmena 
260 |a Ciudad de México  |b McGraw Hill  |c 2004 
650 0 |a Planificación estratégica   |9 259735 
650 0 |a Operaciones administrativas  |9 335045 
650 0 |a Toma de decisiones   |9 257530 
583 |a last modification  |c 20130306 10:17:05  |k Rodrigo Vera 
999 |c 310773  |d 310771 
952 |0 0  |1 0  |4 0  |6 658_401200000000000_THO_2004  |7 0  |8 R  |9 379759  |a BIBENE  |b BIBENE  |d 2019-11-21  |i 406657K  |o 658.4012 THO 2004  |p 406657K  |r 2025-01-15  |w 2019-11-21  |y BK_R  |k ICO 
952 |0 0  |1 0  |4 0  |6 658_401200000000000_THO_2004  |7 0  |8 R  |9 379760  |a BIBENE  |b BIBENE  |d 2019-11-21  |i 4066588  |o 658.4012 THO 2004  |p 4066588  |r 2025-01-15  |w 2019-11-21  |y BK_R  |k ICO 
952 |0 0  |1 0  |4 0  |6 658_401200000000000_THO_2004  |7 0  |8 R  |9 379761  |a BIBENE  |b BIBENE  |d 2019-11-21  |i 4066596  |o 658.4012 THO 2004  |p 4066596  |r 2025-01-15  |w 2019-11-21  |y BK_R  |k ICO 
952 |0 0  |1 0  |4 0  |6 658_401200000000000_THO_2004  |7 0  |8 R  |9 379762  |a BIBENE  |b BIBENE  |d 2019-11-21  |i 4133900  |o 658.4012 THO 2004  |p 4133900  |r 2025-01-15  |w 2019-11-21  |y BK_R  |k ICO 
952 |0 0  |1 0  |4 0  |6 658_401200000000000_THO_2004  |7 0  |8 R  |9 379763  |a BIBENE  |b BIBENE  |d 2019-11-21  |i 4133919  |o 658.4012 THO 2004  |p 4133919  |r 2025-01-15  |w 2019-11-21  |y BK_R  |k ICO 
952 |0 0  |1 0  |4 0  |6 658_401200000000000_THO_2004  |7 0  |8 R  |9 379764  |a BIBENE  |b BIBENE  |d 2019-11-21  |i 4133927  |o 658.4012 THO 2004  |p 4133927  |r 2025-01-15  |w 2019-11-21  |y BK_R  |k ICO 
952 |0 0  |1 0  |4 0  |6 658_401200000000000_THO_2004  |7 0  |8 R  |9 379765  |a BIBENE  |b BIBENE  |d 2019-11-21  |i 4230736  |o 658.4012 THO 2004  |p 4230736  |r 2025-01-15  |w 2019-11-21  |y BK_R  |k ICO 
952 |0 0  |1 0  |4 0  |6 658_401200000000000_THO_2004  |7 0  |8 R  |9 379766  |a BIBENE  |b BIBENE  |d 2019-11-21  |i 4337891  |o 658.4012 THO 2004  |p 4337891  |r 2025-01-15  |w 2019-11-21  |y BK_R  |k ICO